书目信息 |
| 题名: |
TCP/IP Java篇
|
|
| 作者: | 小高知宏 著 ;牛连强 , 刘本伟 译 | |
| 分册: | ||
| 出版信息: | 北京 科学出版社 2003.04 |
|
| 页数: | 372页 | |
| 开本: | 26cm | |
| 丛书名: | TCP/IP系列 | |
| 单 册: | ||
| 中图分类: | TN915.04 | |
| 科图分类: | ||
| 主题词: | 计算机网络--通信协议 , JAVA语言--程序设计 , 计算机网络 , 通信协议 , JAVA语言 , 程序设计 | |
| 电子资源: | ||
| ISBN: | 7-03-011206-7 | |
| 000 | 00951nam2 2200325 45 | |
| 005 | 20050110111321.27 | |
| 010 | @a7-03-011206-7@dCNY 43.00 | |
| 100 | @a20030505d2003 ekmy0chiy0121 ea | |
| 101 | 1 | @achi@cjpn |
| 102 | @aCN@b110000 | |
| 105 | @aak z 000yy | |
| 200 | 1 | @aTCP/IP Java篇@ATCP/IP Java pian@f(日)小高知宏著@g牛连强, 刘本伟译 |
| 210 | @a北京@c科学出版社@d2003.04 | |
| 215 | @a372页@c图, 表格@d26cm | |
| 225 | 2 | @aTCP/IP系列 |
| 320 | @a本书含附录 | |
| 330 | @a本书介绍了有关网络结构和Java语言的基本知识。 | |
| 410 | 0 | @12001 @aTCP/IP系列 |
| 606 | 0 | @a计算机网络@x通信协议 |
| 606 | 0 | @aJAVA语言@x程序设计 |
| 606 | 0 | @a计算机网络 |
| 606 | 0 | @a通信协议 |
| 606 | 0 | @aJAVA语言 |
| 606 | 0 | @a程序设计 |
| 690 | @aTN915.04@v4 | |
| 701 | 0 | @a小高知宏@Axiao gao zhi hong@4著 |
| 702 | 0 | @a牛连强@Aniu lian qiang@4译 |
| 702 | 0 | @a刘本伟@Aliu ben wei@4译 |
| 801 | 0 | @aCN@bQSSKt@c20050110 |
| 905 | @a10447@dTN915.04@eX3731 | |
| TCP/IP Java篇/(日)小高知宏著/牛连强, 刘本伟译.-北京:科学出版社,2003.04 |
| 372页:图, 表格;26cm.-(TCP/IP系列) |
| ISBN 7-03-011206-7:CNY 43.00 |
| 本书介绍了有关网络结构和Java语言的基本知识。 |
| ● |
| 相关链接 |
|
|
|
正题名:TCP/IP Java篇
索取号:TN915.04/X3731
 
预约/预借
| 序号 | 登录号 | 条形码 | 馆藏地/架位号 | 状态 | 备注 |
| 1 | 435608 | 204356080 | 自科库301/301自科库 38排4列1层/ [索取号:TN915.04/X3731] | 在馆 | |
| 2 | 435609 | 204356099 | 自科库301/301自科库 29排2列2层/ [索取号:TN915.04/X3731] | 在馆 | |
| 3 | 435610 | 204356106 | 自科库301/301自科库 38排4列1层/ [索取号:TN915.04/X3731] | 在馆 |